000 00619cab a2200241 4500
001 X3366
008 090401t1996 xxu||||| |||| 00| 0 eng d
035 _a(Sirsi) u30010
041 _aeng
245 _aHousing Bill enters committee stage
260 _c1996
350 _a0
490 _aCSM (Chartered Surveyor Monthly)
_v5(6) March 1996, 5(1)
650 _aASSURED TENANCIES
650 _aHOUSING ASSOCIATIONS
650 _aHOUSING BENEFIT
650 _aHOUSING BILL
650 _aINTRODUCTORY TENANCIES
650 _aPROBATIONARY TENANCIES
690 _aHOUSING
942 _n0
948 _c04/03/1997
999 _c20199
_d20199